Industrial enzymes : structure, function and applications (Record no. 179215)
[ view plain ]
| 000 -LEADER | |
|---|---|
| fixed length control field | 00457nam a2200157Ia 4500 |
| 008 - FIXED-LENGTH DATA ELEMENTS--GENERAL INFORMATION | |
| fixed length control field | 231217s9999 xx 000 0 und d |
| 020 ## - INTERNATIONAL STANDARD BOOK NUMBER | |
| International Standard Book Number | 1402053764 |
| 041 ## - LANGUAGE CODE | |
| Language code of text/sound track or separate title | English |
| 082 ## - DEWEY DECIMAL CLASSIFICATION NUMBER | |
| Classification number | 574.1925 POL;1 R |
| 100 ## - MAIN ENTRY--PERSONAL NAME | |
| Personal name | Polaina,Julio ed. MacCabe, Andrew P ed |
| 245 #0 - TITLE STATEMENT | |
| Title | Industrial enzymes : structure, function and applications |
| 260 ## - PUBLICATION, DISTRIBUTION, ETC. | |
| Date of publication, distribution, etc. | 2007 |
| Name of publisher, distributor, etc. | Springer |
| Place of publication, distribution, etc. | Netherland |
| 300 ## - PHYSICAL DESCRIPTION | |
| Extent | xii+641 |
| 650 ## - SUBJECT ADDED ENTRY--TOPICAL TERM | |
| Topical term or geographic name entry element | enzymes,:,structure,,function |
| 942 ## - ADDED ENTRY ELEMENTS (KOHA) | |
| Koha item type | Books |
| Date last seen | Total checkouts | Full call number | Accession number | Uniform resource identifier | Cost, total (INR) price | Price effective from | Category | Lost status | Damaged status | Department | Withdrawn status | Home library | Current library | Shelving location | Entry date | Vendor | Cost, normal purchase price | Grants | Billnumber | Billdate | Currency symbol | Conversion rate | Discount | Old discount |
|---|---|---|---|---|---|---|---|---|---|---|---|---|---|---|---|---|---|---|---|---|---|---|---|---|
| 26/01/2024 | 574.1925 POL;1 R | 45325 | digital/contents/45726.pdf | 6272.48 | 26/01/2024 | Books | Central Library | Central Library | Central Library | Central Library | 31/07/2007 | Royal Biblioman | 134.95 | BT/PG | BR-147 | 30/10/2008 | EURO | 58.1 | 26.99 | 20 |
